Central Library OPAC University of Rajshahi

Progressive taxation : (Record no. 2916)

MARC details
000 -LEADER
fixed length control field 00785cam a22002531 4500
001 - CONTROL NUMBER
control field 2916
003 - CONTROL NUMBER IDENTIFIER
rucl marc code BD-RjUL
005 - DATE AND TIME OF LATEST TRANSACTION
control field 20211208233637.0
008 - FIXED-LENGTH DATA ELEMENTS--GENERAL INFORMATION
fixed length control field 131217s1953 enka 000 0 eng
035 ## - SYSTEM CONTROL NUMBER
System control number (BD-RjUL)2944
System control number (OCoLC)960961
040 ## - CATALOGING SOURCE
Original cataloging agency DLC
Transcribing agency CtWeharU
Modifying agency OCoLC
-- Uk
-- DLC
-- BD-RjUL
Language of cataloging eng
041 ## - LANGUAGE CODE
Language code of text/sound track or separate title eng
082 ## - DEWEY DECIMAL CLASSIFICATION NUMBER
Classification number 336.24
Author mark and year SHP 1953
100 1# - MAIN ENTRY--PERSONAL NAME
Personal name Shehab, F.
9 (RLIN) 9331
245 10 - TITLE STATEMENT
Title Progressive taxation :
Remainder of title a study in the development of the progressive principle in the British income tax /
260 ## - PUBLICATION, DISTRIBUTION, ETC. (IMPRINT)
Place of publication, distribution, etc. Oxford :
Name of publisher, distributor, etc. Clarendon Press,
Date of publication, distribution, etc. 1953.
300 ## - PHYSICAL DESCRIPTION
Pagination 299 p. :
Illustrations ill. ;
Size 22 cm.
504 ## - BIBLIOGRAPHY, ETC. NOTE
Bibliography, etc Includes Index & Bibliography.
650 #0 - SUBJECT ADDED ENTRY--TOPICAL TERM
Topical term or geographic name as entry element Income tax
Geographic subdivision Great Britain.
9 (RLIN) 9332
Topical term or geographic name as entry element Progressive taxation.
9 (RLIN) 9307
942 ## - ADDED ENTRY ELEMENTS (KOHA)
Source of classification or shelving scheme Dewey Decimal Classification
Koha item type Books
Holdings
Lost status Source of classification or shelving scheme Damaged status Not for loan Collection code Permanent Location Current Location Shelving location Date acquired Source of acquisition Cost, normal purchase price Total Checkouts Full call number Date last seen Copy number Koha item type
  Dewey Decimal Classification     Non-fiction Central Library, University of Rajshahi Central Library, University of Rajshahi     Not Found 0.00   336.24 SHP 1953 17/12/2013 C-2 Books
  Dewey Decimal Classification   Not For Loan Non-fiction Central Library, University of Rajshahi Central Library, University of Rajshahi Reading Room 13/05/1975 B.N.B.C     336.24 SHP 1953 17/12/2013 C-1 Books
  Dewey Decimal Classification     Non-fiction Central Library, University of Rajshahi Central Library, University of Rajshahi     Oxford University Press 17.30   336.24 SHP 1953 26/06/2016 C-3 Books
  Dewey Decimal Classification     Non-fiction Central Library, University of Rajshahi Central Library, University of Rajshahi   10/11/1965 Zeitlinger 35.00   336.24 SHP 1953 26/06/2016 C-4 Books